[Event "SVK-ch Region"]
[Site "Slovakia"]
[Date "2006.07.06"]
[Round "8"]
[White "Sadovsky, Julius"]
[Black "Kosiba, Ivan"]
[Result "0-1"]
[WhiteElo "1654"]
[BlackElo "1743"]
[PlyCount "136"]
[EventDate "2006.06.04"]
[EventType "swiss"]
[EventRounds "9"]
[EventCountry "SVK"]
[SourceTitle "EXT 2007"]
[Source "ChessBase"]
[SourceDate "2006.11.23"]
[SourceVersion "1"]
[SourceVersionDate "2006.11.23"]
[SourceQuality "1"]

1. e4 c5 2. Nf3 d6 3. Bb5+ Nd7 4. c4 Ngf6 5. d3 a6 6. Bxd7+ Bxd7 7. h3 e6 8. Nc3 Be7 9. 0-0 0-0 10. Nh2 b5 11. b3 Bc6 12. f4 Nd7 13. Bb2 Bf6 14. Qd2 bxc4 15. dxc4 Bd4+ 16. Kh1 Qa5 17. Rae1 Rad8 18. Ng4 h5 19. Nf2 Nf6 20. a3 Rb8 21. Qc2 Rb7 22. e5 dxe5 23. fxe5 Nd7 24. Nd3 Rfb8 25. b4 Qb6 26. Ne2 Bxb2 27. Qxb2 Be4 28. Nef4 Bxd3 29. Nxd3 cxb4 30. axb4 Nc5 31. Nxc5 Qxc5 32. bxc5 Rxb2 33. Rd1 R8b7 34. c6 Rc7 35. Rd7 Rxd7 36. cxd7 Rd2 37. Ra1 Rxd7 38. Rxa6 Rc7 39. Ra4 Rc5 40. Kg1 Kf8 41. Kf2 Rxe5 42. Rb4 Rc5 43. Ke3 Ke7 44. Kd4 Kd6 45. Rb6+ Rc6 46. c5+ Kd7 47. Rb7+ Rc7 48. Rb8 f6 49. Rh8 Kc6 50. Rxh5 Rd7+ 51. Ke4 Rd2 52. g4 Rc2 53. Kd3 Rxc5 54. Rxc5+ Kxc5 55. Ke4 g5 56. Ke3 Kd5 57. Kd3 Ke5 58. Ke3 Kd5 59. Kd3 Ke5 60. Ke3 f5 61. gxf5 exf5 62. Kf3 Kd4 63. Kf2 Ke4 64. Ke2 f4 65. Kf2 f3 66. Kf1 Ke3 67. Ke1 f2+ 68. Kf1 Kf3 0-1

[Event "SVK-ch Region"]
[Site "Slovakia"]
[Date "2006.07.02"]
[Round "3"]
[White "Kuchyna, Stanislav"]
[Black "Kosiba, Ivan"]
[Result "0-1"]
[WhiteElo "1996"]
[BlackElo "1743"]
[PlyCount "58"]
[EventDate "2006.06.04"]
[EventType "swiss"]
[EventRounds "9"]
[EventCountry "SVK"]
[SourceTitle "EXT 2007"]
[Source "ChessBase"]
[SourceDate "2006.11.23"]
[SourceVersion "1"]
[SourceVersionDate "2006.11.23"]
[SourceQuality "1"]

1. e4 e5 2. Nf3 Nc6 3. Bb5 Nf6 4. 0-0 d6 5. d4 Bd7 6. d5 Ne7 7. Bxd7+ Qxd7 8. Nbd2 Ng6 9. c4 Be7 10. Re1 0-0 11. b4 a6 12. a4 Nf4 13. Nf1 Ng6 14. Ng3 c6 15. Nf5 Rac8 16. Nxe7+ Qxe7 17. Ba3 b5 18. c5 Rfd8 19. axb5 axb5 20. Qb3 Qb7 21. Bb2 cxd5 22. cxd6 dxe4 23. Nxe5 Rxd6 24. Rac1 Rxc1 25. Rxc1 Nxe5 26. Bxe5 Rd7 27. Qg3 Nh5 28. Qh4 Qc6 29. Bb2 Qxc1+ 0-1

[Event "SVK-ch Region"]
[Site "Sklene Teplice"]
[Date "2005.??.??"]
[Round "?"]
[White "Hutka, Andrej"]
[Black "Kosiba, Ivan"]
[Result "0-1"]
[WhiteElo "1554"]
[BlackElo "1709"]
[PlyCount "74"]
[EventDate "2005.??.??"]
[EventType "swiss"]
[EventRounds "9"]
[EventCountry "SVK"]
[SourceTitle "EXT 2007"]
[Source "ChessBase"]
[SourceDate "2006.11.23"]
[SourceVersion "1"]
[SourceVersionDate "2006.11.23"]
[SourceQuality "1"]

1. e4 e5 2. Nf3 Nc6 3. Bb5 a6 4. Ba4 Nf6 5. d3 d6 6. h3 Be7 7. 0-0 0-0 8. Be3 b5 9. Bb3 Na5 10. a4 Nxb3 11. cxb3 b4 12. Nbd2 h6 13. Nc4 a5 14. Qd2 Kh7 15. Rac1 c5 16. Nh2 Ng8 17. f4 exf4 18. Bxf4 Nf6 19. g4 d5 20. exd5 Nxd5 21. Bg3 Bg5 22. Qg2 Bxc1 23. Rxc1 Be6 24. Bd6 Re8 25. Bxc5 Rc8 26. d4 Qg5 27. Re1 Nf4 28. Qe4+ Kg8 29. Nd6 Bd5 30. Qxe8+ Rxe8 31. Rxe8+ Kh7 32. Re5 Nxh3+ 33. Kf1 Qf4+ 34. Ke2 Qxh2+ 35. Kd3 Qg3+ 36. Re3 Nf4+ 37. Kd2 Qf2+ 0-1